Vừa sinh ra ở đó thơ

সংরক্ষণ করুন:
গ্রন্থ-পঞ্জীর বিবরন
প্রধান লেখক: Mai Văn Phấn
বিন্যাস: গ্রন্থ
প্রকাশিত: Hà Nội Hội Nhà văn 2013
বিষয়গুলি:
ট্যাগগুলো: ট্যাগ যুক্ত করুন
কোনো ট্যাগ নেই, প্রথমজন হিসাবে ট্যাগ করুন!
Thư viện lưu trữ: Trung tâm Học liệu Lê Vũ Hùng, Trường Đại học Đồng Tháp
LEADER 00796aam a22003138a 4500
001 00036272
005 20171026081025.0
008 170222s2013 ||||||Viesd
020 # # |c 90000 
041 0 # |a Vie 
082 1 4 |a 895.922 134  |b V551S 
100 1 # |a Mai Văn Phấn 
245 0 0 |a Vừa sinh ra ở đó  |c Mai Văn Phấn  |b thơ 
260 # # |c 2013  |a Hà Nội  |b Hội Nhà văn 
300 # # |a 127tr.  |c 22 cm. 
653 # # |a Việt Nam 
653 # # |a Văn học hiện đại 
653 # # |a Thơ 
852 # # |b Kho đọc  |j KD.0019575 
852 # # |j KD.0019575 
910 |d 22/02/2017 
980 # # |a Trung tâm Học liệu Lê Vũ Hùng, Trường Đại học Đồng Tháp